| 000 | 01043nam a22003017a 4500 | ||
|---|---|---|---|
| 999 |
_c21466 _d21466 |
||
| 003 | AR-CdUCM | ||
| 008 | 190220b ||||| |||| 00| 0 spa d | ||
| 020 | _a9789972514623 | ||
| 040 |
_aMUNICIPALIDAD PROVINCIAL DEL CUSCO _cBIBLIOTECA MUNICIPAL DEL CUSCO |
||
| 082 |
_a305.8/C93 _bC93 |
||
| 245 |
_aEtnicidades en construcción : _bidentidad y acción social en contextos de desigualdad / _cRicardo Cuenca, editor. |
||
| 260 |
_aLima : _bInstituto de Estudios Peruanos, IEP, _c2014. |
||
| 300 |
_a219 páginas. : _c23 cm. |
||
| 440 |
_aSerie Estudios sobre Desigualdad, _n7 _944903 |
||
| 500 | _zIncluye bibliografías. | ||
| 650 |
_aEtnicidad _91315 |
||
| 650 |
_aIgualdad _92595 |
||
| 650 |
_aMulticulturalismo _92944 |
||
| 650 |
_aPolítica social _94012 |
||
| 650 |
_aAdministración pública _944904 |
||
| 650 |
_aEnsayos _944905 |
||
| 650 |
_aConferencias _9376 |
||
| 650 |
_aPerú _944906 |
||
| 700 |
_aCuenca, Ricardo _944796 |
||
| 710 |
_aInstituto de Estudios Peruanos (Lima) _99759 |
||
| 942 |
_2ddc _cLIBROS |
||
| 945 | _aRoel | ||